000 00597nam a2200181Ia 4500
003 OSt
005 20240817105308.0
008 210210b1958 xxu||||| |||| 00| 0 eng d
040 _cAL
041 _aKannada
082 _a854/321
100 _aSHANKARANARAYANA RAO (H M)
_9138411
_dಶಂಕರನಾರಾಯಣ ರಾವ್ (ಎಚ್ ಎಂ)
245 _aBhasa mahakaviya madhyam vyayoga
_bಭಾಸಮಹಾಕವಿಯ ಮಾಧ್ಯಮ ವ್ಯಾಯೋಗ
260 _aMaisuru
_bSharada Mandira
_c1958
690 _aKannada Criticism
_9138416
906 _a020170
942 _2ddc
_cBK
999 _c144322
_d144322